| 000 | 00327nam a22001337a 4500 | ||
|---|---|---|---|
| 020 | _a0-13-314204-3 | ||
| 082 | _a621.3692 CHE'F | ||
| 100 |
_aCHEO, PETER K _965095 |
||
| 245 | _aFIBER OPTICS DEVICES AND SYSTEMS | ||
| 260 |
_aNEWJERSCY _bPRENTICE HALL _c1985 |
||
| 300 | _a304P | ||
| 650 |
_aFIBER OPTICS _958050 |
||
| 942 | _cBK | ||
| 999 |
_c573409 _d573409 |
||